000 00509nam a2200181Ia 4500
008 100917s9999 xx 000 0 und d
082 _b41280
100 _aसहस्त्रबुध्दे नलिनी
245 _aपालखी
260 _bसोनसळे आणि कंपनी
_c1977
300 _a67
365 _b4.5
520 _aबालविभाग
630 _aपालखी
650 _aबालविभाग
730 _aपालखी
942 _cBOOK
999 _c646674
_d646671